Roster of troops serving in Department of the Columbia embracing States of Washington, Oregon and Idaho (except so much as is embraced in Yellowstone Park); commanded by Major-General Samuel B. M. Young, U.S. Army.

Bibliographic Details
Corporate Author: United States. War Department
Format: Government Document eBook
Language:English
Published: [Washington] : The Department, 1901.
Subjects:
Online Access:Connect to the full text of this electronic document

MARC

Tag First Indicator Second Indicator Subfields
LEADER 00000cam a22000001a 4500
001 in00003636449
005 20190408152914.0
006 m o d f
007 cr bn mmmapmmp
008 141127s1901 dcu o f000 0 eng d
035 |a ebd1909201641 
040 |a UMI  |c UMI  |d UtOrBLW 
086 0 |a W 15.7:901/7 
099 |a W1507-3 
110 1 |a United States.  |b War Department.  |0 http://id.loc.gov/authorities/names/n79084108 
245 1 0 |a Roster of troops serving in Department of the Columbia embracing States of Washington, Oregon and Idaho (except so much as is embraced in Yellowstone Park); commanded by Major-General Samuel B. M. Young, U.S. Army. 
264 1 |a [Washington] :  |b The Department,  |c 1901. 
300 |a 1 online resource (17 pages) 
336 |a text  |b txt  |2 rdacontent 
337 |a computer  |b c  |2 rdamedia 
338 |a online resource  |b cr  |2 rdacarrier 
500 |a Reports include listings of troops and officers, by post; personal and Department staffs; and officers on duty. Reports also include data on officers quarters, barracks, and stables, by post. Reports through Aug. 1907 also include data on troops by post; table of distances between posts; and information on means of transportation between posts. 
533 |a Electronic reproduction.  |b [Bethesda, Md.] :  |c ProQuest,  |d 2014.  |e digital, PDF file.  |n ProQuest U.S. Executive Branch Documents  |n Mode of access: World Wide Web via ProQuest website. 
588 |a Record is based on online resource; title from PDF title page (ProQuest, last viewed Nov. 2014). Reuse except for individual research requires license from ProQuest, LLC. 
500 |a Electronic resource. 
650 0 |a Barracks.  |0 http://id.loc.gov/authorities/subjects/sh85011921 
650 0 |a Geography.  |0 http://id.loc.gov/authorities/subjects/sh85053986 
650 0 |a Transportation, Military.  |0 http://id.loc.gov/authorities/subjects/sh85137061 
651 0 |a Seattle (Wash.)  |0 http://id.loc.gov/authorities/names/n79041965 
655 7 |a Electronic books.  |2 local 
856 4 0 |u http://proxy.library.tamu.edu/login?url=http://congressional.proquest.com/congressional/docview/t66.d71.w1507-3  |z Connect to the full text of this electronic document  |t 0 
999 f f |s 2929b199-268a-3a86-947d-d00b8cf53ddd  |i d7148850-593d-32f6-bf20-4f220ffc5dd4  |t 0 
952 f f |a Texas A&M University  |b College Station  |c Electronic Resources  |d Available Online  |t 0  |h No information provided 
998 f f |t 0  |l Available Online